000 00506nam a2200193Ia 4500
003 GCL
008 140319s9999 xx 000 0 eng d
040 _aGCL /
_cGCL
082 0 4 _a964.6
_bH B
100 1 _aHULLE, JEAN CLAUDE VAN
245 1 0 _aBIENVENUE A'MARRAKECH /
_cHULLE, JEAN CLAUDE VAN
700 1 _aVIZCAYA, SANDRA
260 _a[S.N] :
_bACR EDITION INERNAIONALE ،
_c1994
300 _a192 P
650 0 4 _aHISTORY
650 0 4 _aMOROCCO
650 0 4 _aMARRAKECH - HISTORY
942 _2ddc
_cBK
999 _c14369
_d14369